000 01379nam a2200361 c 4500
003 BLK
005 20230718162716.0
008 180413b bul|||||r ||||||| ||bul||
010 _aKNG00022803000
020 _a954-8127-029-6
040 _aBLK
041 _aBUL
_cBUL
080 _aАнглийска литература
_b821.111
_x-31
_z821.111-31
100 1 _aХигинс, Джек
_eпърви автор
_gПетерсън, Хари
_9243609
139 _aХигинс, Джак
_bХ 48
245 1 0 _aДъщерята на президента
_b[Роман]
_cДжек Хигинс; прев. Юлиана Цалева; Джак Хигинс.
257 _aGBR
260 _bОдисей
_c1998
_fПерник : СъПерник-98
_aСофия
300 _a312 с.
_c20 см
380 _aX
490 _aМайстори на трилъра
500 _aОриг. загл. The President's Daughter / Jack Higgins. - 3 000 тир. - Истинското име на авт. е Хенри Патерсън.
653 _aромани
700 1 _aЦалева, Юлиана
_eпрев.
_9365545
700 1 _aХигинс, Джак
_gПатерсън, Хенри
_9363411
856 4 _qpdf
_u
856 4 _qpdf
_u
942 _cKNG
_n0
944 _aCR
_lНора Радева
_k30545
999 _c20571
_d20571
999 _d20571
999 _d20571
999 _d20571